000 00476nam a2200169Ia 4500
001 55596
008 121108n ii |||gr||||Z||||||465
082 _a492.7
245 0 _aA Pocket Dictionary of Synonyms and Antonyms
_cMassad Abur Rijaal
_hTextual Documents
250 _aIst ed.
260 _bLibrairie Liban Publishers
300 _c23cm.
653 _aIslamic Studies
653 _aDeptt- Islamic Studies
700 _aRijaal, Massad Abur,
_eAuthor.
942 _2ddc
_cBK
999 _c55526
_d55526